<?xml version="1.0" encoding="UTF-8"?>
<record
    xmlns:xsi="http://www.w3.org/2001/XMLSchema-instance"
    xsi:schemaLocation="http://www.loc.gov/MARC21/slim http://www.loc.gov/standards/marcxml/schema/MARC21slim.xsd"
    xmlns="http://www.loc.gov/MARC21/slim">

  <leader>01379nam2a22003251  4500</leader>
  <controlfield tag="001">rc\2755012</controlfield>
  <controlfield tag="005">20250529150230.0</controlfield>
  <datafield tag="035" ind1=" " ind2=" ">
    <subfield code="a">(NLR Aleph) 006881775</subfield>
  </datafield>
  <datafield tag="090" ind1=" " ind2=" ">
    <subfield code="a">7054716</subfield>
    <subfield code="c">7054716</subfield>
  </datafield>
  <datafield tag="100" ind1=" " ind2=" ">
    <subfield code="a">20110915d1940    |||y0rusy50      ca</subfield>
  </datafield>
  <datafield tag="101" ind1="0" ind2=" ">
    <subfield code="a">rus</subfield>
    <subfield code="d">ger</subfield>
    <subfield code="f">fre</subfield>
  </datafield>
  <datafield tag="102" ind1=" " ind2=" ">
    <subfield code="a">RU</subfield>
  </datafield>
  <datafield tag="105" ind1=" " ind2=" ">
    <subfield code="a">a z |||||</subfield>
  </datafield>
  <datafield tag="200" ind1="1" ind2=" ">
    <subfield code="a">&#x421;&#x435;&#x43C;&#x435;&#x439;&#x441;&#x442;&#x432;&#x43E; Muridae - &#x43C;&#x44B;&#x448;&#x438;</subfield>
    <subfield code="f">&#x410;&#x440;&#x433;&#x438;&#x440;&#x43E;&#x43F;&#x443;&#x43B;&#x43E; &#x410;. &#x418;.</subfield>
  </datafield>
  <datafield tag="210" ind1=" " ind2=" ">
    <subfield code="d">1940</subfield>
    <subfield code="a">&#x411;. &#x43C;.</subfield>
  </datafield>
  <datafield tag="215" ind1=" " ind2=" ">
    <subfield code="a">[8], 170 &#x441;.</subfield>
    <subfield code="c">&#x438;&#x43B;.</subfield>
    <subfield code="d">26</subfield>
  </datafield>
  <datafield tag="225" ind1="0" ind2=" ">
    <subfield code="a">...</subfield>
    <subfield code="v">&#x2116; 21</subfield>
  </datafield>
  <datafield tag="300" ind1=" " ind2=" ">
    <subfield code="a">&#x414;&#x43E;&#x431;. &#x442;&#x438;&#x442;. &#x43B;. &#x43D;&#x430; &#x444;&#x440;. &#x44F;&#x437;.</subfield>
    <subfield code="a">&#x420;&#x435;&#x437;&#x44E;&#x43C;&#x435; &#x43D;&#x430; &#x43D;&#x435;&#x43C;. &#x44F;&#x437;.</subfield>
  </datafield>
  <datafield tag="320" ind1=" " ind2=" ">
    <subfield code="a">&#x411;&#x438;&#x431;&#x43B;&#x438;&#x43E;&#x433;&#x440;. &#x432; &#x43A;&#x43E;&#x43D;&#x446;&#x435; &#x441;&#x442;.</subfield>
  </datafield>
  <datafield tag="461" ind1=" " ind2="0">
    <subfield code="1">001rc\3061054</subfield>
    <subfield code="1">2001#$a&#x424;&#x430;&#x443;&#x43D;&#x430; &#x421;&#x421;&#x421;&#x420;$i&#x41C;&#x43B;&#x435;&#x43A;&#x43E;&#x43F;&#x438;&#x442;&#x430;&#x44E;&#x449;&#x438;&#x435;$f&#x433;&#x43B;. &#x440;&#x435;&#x434;. &#x430;&#x43A;&#x430;&#x434;. &#x421;.&#x410;. &#x417;&#x435;&#x440;&#x43D;&#x43E;&#x432;$v&#x422;. 3, &#x432;&#x44B;&#x43F;. 5</subfield>
    <subfield code="9">7620626</subfield>
    <subfield code="c">&#x41C;&#x43E;&#x441;&#x43A;&#x432;&#x430;</subfield>
    <subfield code="d">1937-1982</subfield>
    <subfield code="f">&#x433;&#x43B;. &#x440;&#x435;&#x434;. &#x430;&#x43A;&#x430;&#x434;. &#x421;.&#x410;. &#x417;&#x435;&#x440;&#x43D;&#x43E;&#x432;</subfield>
    <subfield code="i">&#x41C;&#x43B;&#x435;&#x43A;&#x43E;&#x43F;&#x438;&#x442;&#x430;&#x44E;&#x449;&#x438;&#x435;</subfield>
    <subfield code="n">&#x418;&#x437;&#x434;&#x430;&#x442;&#x435;&#x43B;&#x44C;&#x441;&#x442;&#x432;&#x43E; &#x410;&#x43A;&#x430;&#x434;&#x435;&#x43C;&#x438;&#x438; &#x43D;&#x430;&#x443;&#x43A; &#x421;&#x421;&#x421;&#x420;</subfield>
    <subfield code="t">&#x424;&#x430;&#x443;&#x43D;&#x430; &#x421;&#x421;&#x421;&#x420;</subfield>
    <subfield code="v">&#x422;. 3, &#x432;&#x44B;&#x43F;. 5</subfield>
  </datafield>
  <datafield tag="510" ind1="1" ind2=" ">
    <subfield code="a">Muridae - &#x43C;&#x44B;&#x448;&#x438;</subfield>
    <subfield code="z">lat</subfield>
    <subfield code="z">rus</subfield>
  </datafield>
  <datafield tag="606" ind1="1" ind2=" ">
    <subfield code="a">&#x41C;&#x44B;&#x448;&#x438;&#x43D;&#x44B;&#x435;</subfield>
    <subfield code="9">1190815</subfield>
    <subfield code="3">RU\NLR\AUTH\66162632</subfield>
  </datafield>
  <datafield tag="686" ind1="0" ind2=" ">
    <subfield code="a">&#x415;693.363.6Mur</subfield>
    <subfield code="2">rubbk</subfield>
  </datafield>
  <datafield tag="700" ind1=" " ind2="1">
    <subfield code="a">&#x410;&#x440;&#x433;&#x438;&#x440;&#x43E;&#x43F;&#x443;&#x43B;&#x43E;</subfield>
    <subfield code="b">&#x410;. &#x418;.</subfield>
    <subfield code="f">1908-1942</subfield>
    <subfield code="g">&#x410;&#x43D;&#x430;&#x442;&#x43E;&#x43B;&#x438;&#x439; &#x418;&#x432;&#x430;&#x43D;&#x43E;&#x432;&#x438;&#x447;</subfield>
  </datafield>
  <datafield tag="801" ind1=" " ind2="0">
    <subfield code="a">RU</subfield>
    <subfield code="b">NLR</subfield>
    <subfield code="g">psbo</subfield>
  </datafield>
  <datafield tag="801" ind1=" " ind2="1">
    <subfield code="a">RU</subfield>
    <subfield code="b">ELAR</subfield>
    <subfield code="2">rusmarc</subfield>
  </datafield>
  <datafield tag="801" ind1=" " ind2="2">
    <subfield code="a">RU</subfield>
    <subfield code="b">NLR</subfield>
    <subfield code="c">20141223</subfield>
    <subfield code="2">rusmarc</subfield>
  </datafield>
  <datafield tag="852" ind1=" " ind2=" ">
    <subfield code="a">NLR</subfield>
    <subfield code="j">37-19/120 (3-5)</subfield>
  </datafield>
  <datafield tag="942" ind1=" " ind2=" ">
    <subfield code="c">BOOK</subfield>
  </datafield>
  <datafield tag="980" ind1=" " ind2=" ">
    <subfield code="a">NB</subfield>
  </datafield>
  <datafield tag="995" ind1=" " ind2=" ">
    <subfield code="5">2013-10-26</subfield>
    <subfield code="b">NLR02</subfield>
    <subfield code="c">NLR02</subfield>
    <subfield code="e">RFS</subfield>
    <subfield code="f">6881775-10</subfield>
    <subfield code="k">37-19/120-3-5</subfield>
    <subfield code="o">0</subfield>
    <subfield code="r">BOOK</subfield>
    <subfield code="s">371912035_</subfield>
  </datafield>
  <datafield tag="995" ind1=" " ind2=" ">
    <subfield code="5">2014-06-26</subfield>
    <subfield code="a">ad</subfield>
    <subfield code="b">NLR01</subfield>
    <subfield code="c">NLR01</subfield>
    <subfield code="e">OZ3</subfield>
    <subfield code="f">1-573158</subfield>
    <subfield code="k">&#x41C;1 &#x415;6/&#x424;-284</subfield>
    <subfield code="o">0</subfield>
    <subfield code="r">BOOK</subfield>
    <subfield code="s">1_6284</subfield>
  </datafield>
</record>
